00565nam a22002057a 450000500170000001000130001702000100003003500130004003700160005304000120006908200150008110000150009624500820011126000600019327000380025330000260029150000200031765000080033765000140034520170124110006.0 aA-285112 c85.00 aA-285112 bCen Lib/Ret aDPLbEN a351.5bSIN aSingh, G.B aG.B. Singh's digest of important case law on service matters /cby G.B. Singh aNew DelhibService Rules Land Law Publications c110027 bNew DelhiaRajouri Gardene226001 axvi, 352p. c19cm(Hb) aIncludes index  aLaw aCasexlaw